000 00916nam a22002897a 4500
001 BR9505918
003 BR-BrBNA
005 20230928094643.0
007 ta
008 230509b bl.||||| |||| 00| 0 por d
040 _aBR-BrBNA
_bpor
_cBiblioteca Nacional de Agricultura
041 _a(Por)
072 _aL40
_b8830
090 _ 8830 BR9505918
100 1 _aRocha, N. da C.
110 1 _aUniversidade Federal Fluminense, Niteroi, RJ (Brasil). Faculdade de Veterinaria
_0Tese (Mestre em Medicina Veterinaria)
_911196
245 1 _aVariacoes ponderais da hipofise da camundonga albina durante a gestacao e suas implicacoes na glicemia
260 3 _aNiteroi, RJ (Brasil):
_c1977.
300 _a23 p.
500 _a37 ref.; Summaries (Eng, Por)
650 _aCamundongo
650 _aFemea
650 _aHipofise
650 _aHistologia Animal
909 _a202309
_bLucia
_c55
_dLucia Elande
942 _cBK
999 _c51891
_d51891